AN OUTLINE OF CRIMINAL PROCEDURE IN KENYA (Record no. 166268)

MARC details
000 -LEADER
fixed length control field 00466nam a2200169Ia 4500
003 - CONTROL NUMBER IDENTIFIER
control field OSt
005 - DATE AND TIME OF LATEST TRANSACTION
control field 20251202122850.0
020 ## - INTERNATIONAL STANDARD BOOK NUMBER
International Standard Book Number 9966-53-040-0
040 ## - CATALOGING SOURCE
Transcribing agency LC
050 ## - LIBRARY OF CONGRESS CALL NUMBER
Classification number KSK 4610 .L86 2016
Item number 2
100 ## - MAIN ENTRY--PERSONAL NAME
Personal name LUMUMBA, PLO
245 #3 - TITLE STATEMENT
Title AN OUTLINE OF CRIMINAL PROCEDURE IN KENYA
260 ## - PUBLICATION, DISTRIBUTION, ETC.
Place of publication, distribution, etc. NAIROBI,
Name of publisher, distributor, etc. LAW AFRICA PUBLISHING (K) LTD,
Date of publication, distribution, etc. 2016,
300 ## - PHYSICAL DESCRIPTION
Extent CXXiii, 387 P, ILL
650 ## - SUBJECT ADDED ENTRY--TOPICAL TERM
Topical term or geographic name entry element Criminal procedure-Kenya-Outlines, syllabi, etc
942 ## - ADDED ENTRY ELEMENTS (KOHA)
Koha item type Long Loan Book
Source of classification or shelving scheme Library of Congress Classification
Suppress in OPAC No
Holdings
Withdrawn status Lost status Source of classification or shelving scheme Damaged status Not for loan Collection Home library Current library Shelving location Date acquired Inventory number Total checkouts Full call number Barcode Date last seen Date last checked out Copy number Price effective from Koha item type
    Library of Congress Classification     Law Kisii University Library Kisii University Library On Display 09/15/2023 095129 7 KSK 4610 .L86 2016 005189 04/29/2026 04/20/2026 2 09/15/2023 Long Loan Book